[Event "EGY-ch Masters"]
[Site "Cairo"]
[Date "2009.11.23"]
[Round "8.1"]
[White "Magdy, Ahmed"]
[Black "Adel, Hyssam"]
[Result "0-1"]
[WhiteElo "1596"]
[BlackElo "2062"]
[PlyCount "84"]
[EventDate "2009.11.15"]
[EventType "swiss"]
[EventRounds "8"]
[EventCountry "EGY"]
[SourceTitle "EXT 2024"]
[Source "ChessBase"]
[SourceDate "2023.10.10"]
[SourceVersion "1"]
[SourceVersionDate "2023.10.10"]
[SourceQuality "1"]

1. e4 e6 2. d4 d5 3. Nc3 Be7 4. Nf3 Nf6 5. e5 Nfd7 6. Bd3 c5 7. Bf4 Nc6 8. Bb5 Qb6 9. Bxc6 bxc6 10. 0-0 Qxb2 11. Qd2 cxd4 12. Nxd4 Bb4 13. Nde2 Qa3 14. Rfb1 Ba6 15. Rb3 Qa5 16. Rab1 Be7 17. Nd4 Rc8 18. Ne4 Qxd2 19. Nxd2 c5 20. Nb5 c4 21. Rg3 Bxb5 22. Rxb5 g6 23. Re3 h5 24. Re1 a6 25. Ra5 g5 26. Be3 d4 27. Bxd4 Bb4 28. Rxa6 Bxd2 29. Rd1 c3 30. Ra7 h4 31. Bxc3 Bxc3 32. Rdxd7 0-0 33. Rdc7 Rcd8 34. g3 h3 35. Kf1 Bxe5 36. Rd7 Rxd7 37. Rxd7 Ra8 38. f4 gxf4 39. gxf4 Bxf4 40. Rd3 Rxa2 41. Rxh3 Rxc2 42. Kg1 Bxh2+ 0-1

[Event "Assiut op 5th"]
[Site "Assiut"]
[Date "2009.08.07"]
[Round "4"]
[White "Rahman, Yehya"]
[Black "Adel, Hyssam"]
[Result "1-0"]
[WhiteElo "2293"]
[BlackElo "2062"]
[PlyCount "51"]
[EventDate "2009.08.04"]
[EventType "swiss"]
[EventRounds "9"]
[EventCountry "EGY"]
[SourceTitle "EXT 2010"]
[Source "ChessBase"]
[SourceDate "2010.11.25"]
[SourceVersion "1"]
[SourceVersionDate "2010.11.25"]
[SourceQuality "1"]

1. d4 Nf6 2. c4 e6 3. Nf3 Bb4+ 4. Bd2 Bxd2+ 5. Qxd2 b6 6. g3 Bb7 7. Bg2 0-0 8. 0-0 Ne4 9. Qc2 f5 10. Nc3 d6 11. b4 Nd7 12. Rac1 Nxc3 13. Qxc3 Nf6 14. d5 exd5 15. Nd4 Qd7 16. cxd5 Bxd5 17. Qxc7 Qxc7 18. Rxc7 Bxg2 19. Kxg2 Nd5 20. Rc4 Rae8 21. a3 f4 22. Rc2 fxg3 23. hxg3 Re4 24. Rd1 Re5 25. Nc6 Ref5 26. Rxd5 1-0

[Event "Assiut op 04th"]
[Site "Assiut"]
[Date "2008.07.21"]
[Round "3"]
[White "Ezat, Abdallah"]
[Black "Adel, Hyssam"]
[Result "1-0"]
[WhiteElo "2213"]
[BlackElo "2087"]
[PlyCount "38"]
[EventDate "2008.07.19"]
[EventType "swiss"]
[EventRounds "9"]
[EventCountry "EGY"]
[SourceTitle "EXT 2009"]
[Source "ChessBase"]
[SourceDate "2008.11.26"]
[SourceVersion "1"]
[SourceVersionDate "2008.11.26"]
[SourceQuality "1"]

1. e4 e6 2. b3 d5 3. Bb2 dxe4 4. Nc3 f5 5. g4 Nf6 6. gxf5 exf5 7. Qe2 Nc6 8. 0-0-0 Be7 9. d3 Qd6 10. dxe4 Qf4+ 11. Kb1 fxe4 12. Bh3 0-0 13. Bxc8 Raxc8 14. Qb5 Qxf2 15. Nh3 Qh4 16. Ng5 e3 17. Rhg1 Qb4 18. Qf5 Nd4 19. Rxd4 Qxd4 1-0

[Event "EGY-ch final"]
[Site "Cairo"]
[Date "2007.12.02"]
[Round "2"]
[White "Adel, Hyssam"]
[Black "Elsayed, Moustafa"]
[Result "0-1"]
[WhiteElo "2069"]
[BlackElo "2221"]
[PlyCount "95"]
[EventDate "2007.12.01"]
[EventType "swiss"]
[EventRounds "9"]
[EventCountry "EGY"]
[SourceTitle "EXT 2019"]
[Source "ChessBase"]
[SourceDate "2018.10.10"]
[SourceVersion "1"]
[SourceVersionDate "2018.10.10"]
[SourceQuality "1"]

1. d4 g6 2. c4 Bg7 3. Nf3 d6 4. Nc3 Nd7 5. e4 e5 6. d5 Ne7 7. Bd3 0-0 8. Be3 Nf6 9. h3 a6 10. Qd2 Bd7 11. a4 b6 12. b4 a5 13. Nb5 axb4 14. Qxb4 Nh5 15. 0-0 Nf4 16. Bxf4 exf4 17. Ra2 g5 18. a5 Ng6 19. Nfd4 Ne5 20. Be2 Bf6 21. Rfa1 f3 22. gxf3 bxa5 23. Rxa5 Rb8 24. Kh1 Ng6 25. Qd2 Be5 26. Rg1 h6 27. Ra7 Rc8 28. Nc6 Bxc6 29. dxc6 Qe7 30. Kg2 Qe6 31. Rh1 Nf4+ 32. Kf1 Ra8 33. Nxc7 Rxa7 34. Nxe6 Ra1+ 35. Bd1 fxe6 36. h4 Rc8 37. hxg5 Rxc6 38. Kg1 Rxc4 39. Kh2 Rcc1 40. gxh6 Kh7 41. Kg3 Rc8 42. Rh4 Rf8 43. Rg4 Ra7 44. Kh4 Rf6 45. Rg5 Rxh6+ 46. Kg4 Rh1 47. Bb3 Rg1+ 48. Kh4 0-1